Szczegóły MARC21

Arbeitsbuch Wirtschaftsinformatik /

005 -DATA I CZAS OSTATNIEJ MODYFIKACJI [,]
    • @
    • pole kontrolne
    • 20070315155141.9
020 -Międzynarod. znormalizowany nr książki - ISBN [ , ]
    • a
    • Numer ISBN
    • 3540538054 Find
040 -Instytucja sporządzająca opis [ , ]
    • a
    • Instytucja, która sporządziła opis (NP)
    • SZCZ U
    • c
    • Instytucja, która sporządziła rekord (NP)
    • SZCZ U
041 -Język dokumentu [0, ]
    • a
    • Język tekstu (P)
    • niemiecki
    • h
    • Język tekstu oryginalnego i/lub pośredniego (P)
    • niemiecki
942 -Rodzaj dokumentu [ , ]
    • c
    • Rodzaj dokumentu
    • Książka
100 -Hasło główne - nazwa osobowa [ , ]
    • a
    • Nazwa osobowa (NP)
    • STAHLKNECHT, PETER
245 -Strefa tytułu i oznaczenia odpowiedzialności [1, ]
    • a
    • Tytuł
    • Arbeitsbuch Wirtschaftsinformatik / Find
    • c
    • Pozostałe elementy strefy tytułu i oznaczenia odpowiedzialności (NP)
    • u. Mitw. von Wieland Appelfeller [i in.].
260 -Strefa adresu wydawniczego [ , ]
    • a
    • Miejsce wydania (P)
    • Berlin :
    • b
    • Nazwa wydawcy (P)
    • Springer-Verl.,
    • c
    • Data wydania (P)
    • 1991.
300 -Strefa opisu fizycznego [ , ]
    • a
    • Określenie formy książki i/lub objętość (NP)
    • X,296 s. :
    • b
    • Oznaczenie ilustracji (NP)
    • rys. :
    • c
    • Format (NP)
    • 21 cm.
490 -Strefa serii i książki wielotomowej - forma nie do wyszukiwania [0, ]
    • a
    • Tytuł (P)
    • (Springer-Lehrbuch) Find
500 -Uwaga ogólna [ , ]
    • a
    • Uwaga ogólna (NP)
    • Ind
080 -Uniwersalna Klasyfikacja Dziesiętna [ , ]
    • a
    • Symbol klasyfikacji
    • 65.011.56(076)=30
080 -Uniwersalna Klasyfikacja Dziesiętna [ , ]
    • a
    • Symbol klasyfikacji
    • :519.68(076)=30
980 -Symbol UKD [ , ]
    • a
    • UKD
    • 65.011.56:519.68](076)=30
920 -ISBN [ , ]
    • a
    • ISBN
    • 3-540-53805-4 Find
Sygnatura Numer inwentarzowy Status udost. Lokalizacja Data inwentaryzacji
FUNDACJA POLSKO-NIEMIECKAS.81150-6BE1997-10-14
FUNDACJA POLSKO-NIEMIECKAS.81151-6BE1997-10-14
 S.81152-6BE1997-10-14
FUNDACJA POLSKO-NIEMIECKAS.811532BE1997-10-14
FUNDACJA POLSKO-NIEMIECKAS.811542BE1997-10-14
FUNDACJA POLSKO-NIEMIECKAS.811552BE1997-10-14
FUNDACJA POLSKO-NIEMIECKAS.811562BE1997-10-14
FUNDACJA POLSKO-NIEMIECKAS.811572BE1997-10-14
FUNDACJA POLSKO-NIEMIECKAS.811582BE1997-10-14
FUNDACJA POLSKO-NIEMIECKAS.811592BE1997-10-14
FUNDACJA POLSKO-NIEMIECKAS.811602BE1997-10-14
FUNDACJA POLSKO-NIEMIECKAS.811612BE1997-10-14
FUNDACJA POLSKO-NIEMIECKAS.811632BE1997-10-14
FUNDACJA POLSKO-NIEMIECKAS.811642BE1997-10-14
FUNDACJA POLSKO-NIEMIECKAS.811652BE1997-10-14
FUNDACJA POLSKO-NIEMIECKAS.811662BE1997-10-14
FUNDACJA POLSKO-NIEMIECKAS.811622BE1997-10-14
FUNDACJA POLSKO-NIEMIECKAS.89144-2BE2002-02-28